The ethics of obedience; (Record no. 76181)

MARC details
000 -LEADER
fixed length control field 00704cam a22002291 4500
001 - CONTROL NUMBER
control field sa 67006820
003 - CONTROL NUMBER IDENTIFIER
control field DLC
005 - DATE AND TIME OF LATEST TRANSACTION
control field 20260227112410.0
008 - FIXED-LENGTH DATA ELEMENTS--GENERAL INFORMATION
fixed length control field 731003s1967 xx 000 0 eng
010 ## - LIBRARY OF CONGRESS CONTROL NUMBER
LC control number sa 67006820
035 ## - SYSTEM CONTROL NUMBER
System control number (OCoLC)708747
040 ## - CATALOGING SOURCE
Original cataloging agency DLC
Transcribing agency ODaU
Modifying agency DLC
042 ## - AUTHENTICATION CODE
Authentication code premarc
050 00 - LIBRARY OF CONGRESS CALL NUMBER
Classification number B1637
Item number .M8 1967
100 1# - MAIN ENTRY--PERSONAL NAME
Personal name Mukhopadhyay, Amal Kumar.
245 14 - TITLE STATEMENT
Title The ethics of obedience;
Remainder of title a study of the philosophy of T.H. Green.
260 ## - PUBLICATION, DISTRIBUTION, ETC.
Place of publication, distribution, etc. Calcutta,
Name of publisher, distributor, etc. World Press,
Date of publication, distribution, etc. 1967.
300 ## - PHYSICAL DESCRIPTION
Extent ix, 204 p.
Dimensions 23 cm.
502 ## - DISSERTATION NOTE
Dissertation note A revision of the author's PH. D. thesis, London University, 1965.
504 ## - BIBLIOGRAPHY, ETC. NOTE
Bibliography, etc. note Bibliography: p. 197-198.
600 10 - SUBJECT ADDED ENTRY--PERSONAL NAME
Personal name Green, Thomas Hill,
Dates associated with a name 1836-1882

No items available.

Powered by Koha